Catalog

Record Details

Catalog Search



Pláň Tortilla  Cover Image Book Book

Pláň Tortilla / John Steinbeck ; [přeložil Martin Hilský]

Summary:

Vypráví o skupince 6 mužů a 5 psů, kteří nečekaně najdou přístřeší na okraji kalifornského maloměsta, v němž prožívají - přes všechnu svoji bídu - dny plné životní pohody. Autor důvěrně znal vyděděnce společnosti, proto se mu podařilo vykreslit je jako plnokrevné lidi s jejich klady i zápory a nedokázal utajit sympatie, které k nim cítil.
Úsměvná novela amerického spisovatele přináší epizody ze života pobudů, povalečů a zlodějíčků, kteří se potloukají po kalifornském pobřeží třicátých let.

Record details

  • ISBN: 80-205-0261-0
  • Physical Description: 166 s. ; 20 cm
  • Edition: Vyd. 2., V nakladatelství Svoboda 1.
  • Publisher: Praha : Svoboda, 1992

Content descriptions

General Note:
Přeloženo z angličtiny
Genre: americké romány
humoristické romány
realistické romány

Available copies

  • 1 of 1 copy available at Common Catalog SPOK.

Holds

  • 0 current holds with 1 total copy.
Show All Copies
Location Call Number / Copy Notes Barcode Shelving Location Status Due Date
Jabok Library BL-1/St 424480042434 Beletrie Available -

LDR 02466nam a2200565 4500
00145378
003CZ-PrJAB
00520191022110253.0
008980520s1992 xr |||||||||||000 u|cze d
015 . ‡acnb000072383
020 . ‡a80-205-0261-0 ‡q(brož.) : ‡cKčs 35,00
035 . ‡a(CZ PrSKC)016020003269346
035 . ‡a(OCoLC)39585549
040 . ‡aULG001 ‡bcze
0411 . ‡acze ‡heng
072 7. ‡a821.111(73)-3 ‡xAmerická próza ‡2Konspekt ‡925
080 . ‡a821.111(73)-31 ‡2MRF-sel
1001 . ‡aSteinbeck, John, ‡d1902-1968 ‡7jn19990008205 ‡4aut
24510. ‡aPláň Tortilla / ‡cJohn Steinbeck ; [přeložil Martin Hilský]
250 . ‡aVyd. 2., V nakladatelství Svoboda 1.
260 . ‡aPraha : ‡bSvoboda, ‡c1992
300 . ‡a166 s. ; ‡c20 cm
500 . ‡aPřeloženo z angličtiny
520 . ‡aVypráví o skupince 6 mužů a 5 psů, kteří nečekaně najdou přístřeší na okraji kalifornského maloměsta, v němž prožívají - přes všechnu svoji bídu - dny plné životní pohody. Autor důvěrně znal vyděděnce společnosti, proto se mu podařilo vykreslit je jako plnokrevné lidi s jejich klady i zápory a nedokázal utajit sympatie, které k nim cítil.
520 . ‡aÚsměvná novela amerického spisovatele přináší epizody ze života pobudů, povalečů a zlodějíčků, kteří se potloukají po kalifornském pobřeží třicátých let.
655 7. ‡aamerické romány ‡7fd131796 ‡2czenas
655 7. ‡ahumoristické romány ‡7fd132431 ‡2czenas
655 7. ‡arealistické romány ‡7fd292013 ‡2czenas
7001 . ‡aHilský, Martin, ‡d1943- ‡7jk01041063 ‡4trl
7650 . ‡tTortilla flat ‡9Česky
910 . ‡aABG312
995 . ‡aska
901 . ‡a45378 ‡bCZ-PrJAB ‡c45378 ‡tbiblio

Additional Resources